Medidas cautelares en el proceso administrativo : separata de páginas 783 a 804 /

Guardado en:
Autor Principal: Montezanti, Néstor Luis
Formato: Libro
Idioma:Spanish
Publicado: Buenos Aires : Hammurabi, 2004
Materias:
Etiquetas: Agregar Etiqueta
Sin Etiquetas, Sea el primero en etiquetar este registro!
LEADER 00621nam a22001695a 4500
001 DER.der015589
008 251210s2004####ag#||||||||||||||#||spa||
005 20260206115329.0
245 1 0 |a Medidas cautelares en el proceso administrativo :  |b separata de páginas 783 a 804 /  |c Néstor Luis Montezanti 
260 |a Buenos Aires :  |b Hammurabi,  |c 2004 
300 |a 34 p. 
500 |a En homenaje a Jesús González Pérez 
500 |a Material fotocopiado y encuadernado 
100 1 |a Montezanti, Néstor Luis 
700 1 |a Cassagne, Juan Carlos,  |e dir. 
650 7 |a DERECHO ADMINISTRATIVO 
859 |a DERECHO  |b BIB. DERECHO  |h 346.066  |i MON  |p 000798